Brilliant Employability Skills, 2nd Edition /

What makes you stand out in the market for that great graduate job? In the competitive market for graduate jobs, securing a good degree no longer sets you apart from other candidates - this book will provide you with the tools and techniques to allow you to gain and communicate the range of employab...

Full description

Bibliographic Details
Main Author: Trought, Frances (Author)
Corporate Author: Safari, an O'Reilly Media Company
Format: eBook
Language:English
Published: Pearson Business, 2017.
Edition:2nd edition.
Subjects:
Online Access:Connect to this electronic resource

MARC

Tag First Indicator Second Indicator Subfields
LEADER 00000uam a2200000 a 4500
001 in00004138939
005 20260122205856.9
006 m o d
007 cr cn
008 080317s2017 xx o eng
020 |z 9781292158921 
020 |z 9781292158907 
035 |a (CaSebORM)9781292158921 
040 |d UtOrBLW 
041 0 |a eng 
100 1 |a Trought, Frances,  |e author.  |0 http://id.loc.gov/authorities/names/n2011062161 
245 1 0 |a Brilliant Employability Skills, 2nd Edition /  |c Trought, Frances. 
250 |a 2nd edition. 
264 1 |b Pearson Business,  |c 2017. 
300 |a 1 online resource (296 pages) 
336 |a text  |b txt  |2 rdacontent 
337 |a computer  |b c  |2 rdamedia 
338 |a online resource  |b cr  |2 rdacarrier 
347 |a text file 
520 |a What makes you stand out in the market for that great graduate job? In the competitive market for graduate jobs, securing a good degree no longer sets you apart from other candidates - this book will provide you with the tools and techniques to allow you to gain and communicate the range of employability skills and behaviours that will make you stand out from the crowd and get the job that you want. 
533 |a Electronic reproduction.  |b Boston, MA :  |c Safari,  |n Available via World Wide Web.  |d 2017. 
538 |a Mode of access: World Wide Web. 
542 |f Copyright © Pearson Business 2017  |g 2017 
588 |a Online resource; Title from title page (viewed March 10, 2017) 
500 |a Electronic resource. 
655 7 |a Electronic books.  |2 local 
710 2 |a Safari, an O'Reilly Media Company. 
856 4 0 |u https://proxy.library.tamu.edu/login?url=https://go.oreilly.com/TAMU/library/view/-/9781292158921/?ar  |z Connect to this electronic resource  |t 0 
999 f f |s 73d4e617-d264-3fb6-93b0-720ae93332e4  |i 187d0a93-b81d-398f-8616-05bc3624655b  |t 0 
952 f f |a Texas A&M University  |b College Station  |c Electronic Resources  |s www_evans  |d Available Online  |t 0  |h No information provided 
998 f f |t 0  |l Available Online